000 00472nam a2200181Ia 4500
005 20250423095047.0
008 250422s9999 xx 000 0 und d
020 _a0-13-178609-1
050 _aTK 7874.65 .R33/
100 _aJan M. Rabaey
245 0 _aDigital Integrated Circuits: A Design Perspective
260 _aNew Jersey
260 _bPrentice Hall Saddle River,
260 _c1996
300 _a702 p
650 _aDigital Integrated Circuit
942 _cBK
999 _c29118
_d29118